| 000 | 01180nam a22002537a 4500 | ||
|---|---|---|---|
| 005 | 20170124102932.0 | ||
| 010 | _aA-707877 | ||
| 020 | _c400.00 | ||
| 035 | _aA-707877 | ||
| 037 | _bCen Lib/Ret | ||
| 040 |
_aDPL _bHN |
||
| 082 |
_a423 _bपुणतां |
||
| 100 |
_aपुणतांबेकर, शंकर _944829 |
||
| 245 |
_aव्यंग्य अमरकोश : _cशंकर पुणतांबेकर _bशब्द के माध्यम से व्यंग्य में अनूठा प्रयोग / |
||
| 246 |
_aVyang amarkosh : shabd ke madhyam se vyang me anootha prayog / _bby Shankar Purntambekar |
||
| 260 |
_bपंचशील प्रकाशन _aजयपुर _c1994 |
||
| 270 |
_bजयपुर _aफिल कॉलोनी _e302003 |
||
| 300 |
_a474पृ. _c21सेमी (सजिल्द) |
||
| 650 |
_aव्यंग्य में अनूठा प्रयोग _945301 |
||
| 650 |
_aहिन्दी -- व्यंग्य _945302 |
||
| 650 |
_aUnique experiment in satire _945303 |
||
| 650 |
_aHindi - satire _945304 |
||
| 942 |
_2ddc _cHN _h423 _mपुणतां |
||
| 999 |
_c111974 _d111974 |
||